| 000 | 00493nam a22002057a 4500 | ||
|---|---|---|---|
| 999 |
_c14915 _d14915 |
||
| 003 | PK-NaQUE | ||
| 005 | 20260414124845.0 | ||
| 008 | 260414b ||||| |||| 00| 0 eng d | ||
| 020 | _a0304315206 | ||
| 020 | _a978-0304315208 | ||
| 040 | _cQUEST | ||
| 082 | _a428.24JOH | ||
| 100 | _aJohnson, C M D | ||
| 245 | _aGeneral Engineering: students' book | ||
| 260 |
_aLondon _bCasell pub _c1988 |
||
| 300 | _a154p | ||
| 650 | _aEngineering | ||
| 856 | _yDownload eBook | ||
| 942 |
_cBK _2ddc |
||